000 00971nam a2200241 a 4500
003 BD-DhJNU
005 20260426055829.0
008 260508s2022 bg |||g |||| 000 1|ben|d
020 _a9789391252090
040 _aBD-DhJNU
_bben
_cBD-DhJNU
_dBD-DhJNU
041 _aben
082 _a709.4 SEE
_223
100 _aসেনগুপ্ত, গৌতম
245 1 0 _aইয়োরোপের ‍শিল্পতীর্থে /
_cগৌতম সেনগুপ্ত
246 _aEurope-er shilpotirthe
250 _a1st ed.
260 _aকলকাতা :
_bএকুশ শতক,
_c2022.
300 _a১৪৪ পৃ. :
_bচিত্র ;
_c২২ সেমি.।
504 _aগ্রন্থপঞ্জিগত নির্দেশিকা ও নিঘন্ট অন্তভূক্ত
650 _aইউরোপীয় শিল্পকলা -- ইতিহাস
650 _aArt, European -- History
942 _cBK
999 _c2728
_d2728